[Event "DEN-chT XtraCon 2018-19"]
[Site "Denmark"]
[Date "2017.12.17"]
[Round "5"]
[White "Tobias Dreisler, SK."]
[Black "Christensen, Jan Schleicher"]
[Result "0-1"]
[WhiteElo "1968"]
[BlackElo "2219"]
[Annotator "NA"]
[PlyCount "50"]
[EventDate "2018.10.27"]
[EventType "team-tourn"]
[EventCountry "DEN"]
[SourceTitle "playchess.com"]
[Source "ChessBase"]
[SourceQuality "1"]
[TimeControl "40/5400+30:1800+30"]

1. e4 {[%emt 0:01:10]} e5 {[%emt 0:02:09]} 2. Nf3 {[%emt 0:00:02]} Nc6 {[%emt 0:00:05]} 3. d4 {[%emt 0:00:05]} exd4 {[%emt 0:00:04]} 4. Nxd4 {[%emt 0:00:03]} Bc5 {[%emt 0:00:37]} 5. Be3 {[%emt 0:00:07]} Qf6 {[%emt 0:00:22]} 6. c3 {[%emt 0:00:07]} Nge7 {[%emt 0:00:18]} 7. Bc4 {[%emt 0:00:08]} b6 {[%emt 0:00:13]} 8. O-O {[%emt 0:00:15]} Bb7 {[%emt 0:00:13]} 9. Nb5 {[%emt 0:02:10]} O-O-O {[%emt 0:02:07]} 10. Bxc5 {[%emt 0:00:09]} bxc5 {[%emt 0:00:09]} 11. Nd2 {[%emt 0:02:43]} Qg6 {[%emt 0:02:54]} 12. Qa4 {[%emt 0:13:34]} f5 {[%emt 0:02:17]} 13. Nxa7+ {[%emt 0:18:44]} Nxa7 {[%emt 0:03:04]} 14. Qxa7 {[%emt 0:00:06]} fxe4 {[%emt 0:01:27]} 15. Qxc5 {[%emt 0:10:37]} e3 {[%emt 0:07:39]} 16. f3 {[%emt 0:00:09]} exd2 {[%emt 0:14:11]} 17. Qxe7 {[%emt 0:00:07]} Rhe8 {[%emt 0:04:17]} 18. Qf7 {[%emt 0:05:40]} Qb6+ {[%emt 0:00:26]} 19. Kh1 {[%emt 0:00:28]} Qxb2 {[%emt 0:01:22]} 20. Rad1 {[%emt 0:03:53]} Qxc3 {[%emt 0:03:12]} 21. Qf4 {[%emt 0:08:39]} g5 {[%emt 0:01:16]} 22. Qg4 {[%emt 0:04:15]} h5 {[%emt 0:01:06]} 23. Qxh5 {[%emt 0:01:04]} Qxc4 {[%emt 0:00:27]} 24. Qxg5 {[%emt 0:00:17]} Qxf1+ {[%emt 0:02:02]} 25. Rxf1 {[%emt 0:00:09]} Re1 {[%emt 0:00:05]} 0-1

[Event "DEN-chT XtraCon 2018-19"]
[Site "Denmark"]
[Date "2019.01.13"]
[Round "6"]
[White "Andersen, Mads"]
[Black "Hector, Jonny"]
[Result "1-0"]
[WhiteElo "2611"]
[BlackElo "2492"]
[Annotator "TA"]
[PlyCount "103"]
[EventDate "2018.10.27"]
[EventType "team-tourn"]
[EventCountry "DEN"]
[SourceTitle "playchess.com"]
[Source "ChessBase"]
[SourceQuality "1"]

{[%evp 13,103,18,11,16,25,12,36,28,35,12,32,18,26,29,32,21,24,25,29,22,39,33,28,33,39,47,76,81,87,68,71,73,84,84,95,70,74,68,80,85,92,87,65,62,87,90,89,90,91,22,57,39,38,0,67,51,302,285,296,289,358,354,518,504,520,515,469,317,479,455,448,525,518,516,787,783,862,848,824,785,29991,1712,29989,29990,29990,29990,29990,29984,29990,29983,29990,29974]} 1. c4 e5 2. Nc3 Bb4 3. Nd5 Be7 4. d4 d6 5. Nf3 e4 6. Nd2 {[%cal Bf3d2,Bd2b1,Bb1c3][%mdl 32] A21: English Opening: 1...e5 2 Nc3} f5 7. Nb1 Nf6 {LiveBook: 5 Games} (7... c6 8. Nxe7 Nxe7 9. Nc3 O-O 10. e3 Be6 11. Be2 Nd7 12. b3 d5 13. a4 a5 {1-0 (41) Inarkiev,E (2727)-Bologan,V (2640) Poikovsky 2017}) 8. Nxe7 {The position is equal.} Qxe7 9. Nc3 Qf7 $146 ({Predecessor:} 9... Be6 10. e3 O-O 11. Be2 Nbd7 12. O-O a6 13. b3 Bf7 {½-½ (56) Livner,A (2372)-Hector,J (2507) Vasteras 2018}) 10. e3 O-O 11. Be2 d5 12. cxd5 (12. c5 {feels hotter.} Nc6 13. O-O b6 14. b3 bxc5 15. Ba3) 12... Nxd5 13. Nxd5 Qxd5 14. b3 {And now Bc4 would win.} Be6 15. O-O Qd8 16. a4 c6 17. Ba3 $36 {[%mdl 2048] White has the initiative.} Rf7 18. b4 Nd7 19. b5 Nf6 20. bxc6 bxc6 21. Qc2 Bd5 22. Rab1 Rb8 23. Rxb8 Qxb8 24. Ba6 Ng4 {[%csl Gg4][%cal Rb8h2]} 25. g3 h5 26. Rb1 Qd8 27. h3 Nf6 28. Qc5 h4 29. Qd6 $1 {[%cal Rd6d8]} (29. gxh4 $6 Nd7 $11) 29... Nd7 30. Be2 $1 hxg3 31. fxg3 (31. Qxg3 $16 {Strongly threatening Bh5.} Qc8 32. Qg5) 31... Rf6 32. Qe7 Qc7 33. Kf2 Re6 (33... Rg6 $11 34. Rg1 Re6) 34. Qg5 $14 Nb6 $2 {[%mdl 8192]} (34... Rh6 $1 $14) 35. a5 $18 (35. Qxf5 $2 Rf6 $19) 35... Nc4 {[#]} 36. a6 $1 ({Weaker is} 36. Bxc4 Bxc4 37. Bb4 (37. Qxf5 $2 Rf6 $19) 37... a6 $14) 36... Nb6 ({Reject} 36... Nxa3 37. Rb7 $18) 37. Bc5 ({Avoid the trap} 37. Qxf5 $2 Rf6 $19) 37... Rf6 (37... Re8 $142 38. Qxf5 Rb8) 38. Qf4 Qd8 39. h4 Rf7 40. Qd6 Rd7 (40... Qxd6 {keeps fighting.} 41. Bxd6 Kh7) 41. Qe5 Bf7 42. h5 Rd5 {[#]} 43. Qf4 $1 Rd7 (43... Nd7 $142 44. Bxa7 Ra5) 44. h6 Bd5 45. hxg7 Rxg7 46. Rh1 {Qh6 is the strong threat.} Qd7 47. Bxb6 (47. Qh6 $142 Qc7 48. Qh8+ Kf7 49. Qf8+ Kg6 50. Bh5+ Kg5 51. Bd6 Qf7 52. Bxf7 Bxf7 53. Qxg7+ Bg6 54. Bf4+ Kg4 55. Qxg6#) 47... axb6 48. Qb8+ {[%mdl 64] Double Attack. White mates.} Kf7 49. a7 c5 50. dxc5 bxc5 51. Rd1 Ke6 52. a8=Q {Accuracy: White = 71%, Black = 33%.} 1-0

[Event "DEN-chT XtraCon 2018-19"]
[Site "Denmark"]
[Date "2019.01.13"]
[Round "6"]
[White "Banusz, Tamas"]
[Black "Rodgaard, John"]
[Result "1-0"]
[WhiteElo "2611"]
[BlackElo "2295"]
[Annotator "TA"]
[PlyCount "115"]
[EventDate "2018.10.27"]
[EventType "team-tourn"]
[EventCountry "DEN"]
[SourceTitle "playchess.com"]
[Source "ChessBase"]
[SourceQuality "1"]

{[%evp 20,115,10,0,25,25,21,16,9,10,16,0,37,29,59,66,60,48,76,85,102,87,118,70,72,54,55,0,130,130,130,130,130,130,130,130,129,129,181,135,200,174,185,182,167,163,175,166,172,165,225,216,201,208,209,212,213,202,234,204,310,303,356,353,326,297,457,445,651,623,685,659,1070,778,818,670,29973,29974,29973,892,29974,29975,29974,29973,29975,29974,29972,29975,29974,29974,29973,29972,29977,29978,29978,29979,29979,29980]} 1. d4 d5 2. Nf3 Nf6 3. g3 e6 4. Bg2 Be7 5. c4 O-O 6. Nc3 dxc4 7. Ne5 c5 8. dxc5 Qxd1+ 9. Nxd1 {E06: Closed Catalan: Early deviations} Bxc5 10. Nc3 Nc6 11. Nxc4 {LiveBook: 12 Games. The position is equal.} e5 $146 (11... Bd7 12. O-O Rfd8 13. Rd1 Be8 14. Bf4 Rac8 15. Nd6 Bxd6 16. Bxd6 Na5 17. Bb4 Nc6 18. Ba3 Na5 19. Rxd8 Rxd8 20. b3 Bc6 {1-0 (54) Wang,Y (2690)-Kryvoruchko,Y (2689) Riadh 2017}) 12. Bxc6 bxc6 13. Na4 Bd4 14. Be3 Ba6 15. Rc1 Rfb8 16. b3 Bxc4 17. Rxc4 {[%mdl 64] Double Attack} Bxe3 18. fxe3 Nd5 19. Kf2 Ne7 20. Rd1 Rd8 21. Rd3 f6 22. Rb4 Nd5 23. Rc4 (23. Rb7 $14) 23... Rac8 (23... Ne7 $1 $11) 24. e4 $16 Ne7 {[#]} 25. Rb4 $1 Rxd3 26. exd3 {[%mdl 4096] Endgame KRN-KRN} Rc7 27. Rb8+ Kf7 28. Nc5 f5 (28... Ng6 $16 {might work better.} 29. b4 Ne7) 29. Ke3 fxe4 (29... g6 $16 30. Rh8 Kg7) 30. dxe4 Ng8 31. Nd3 Nf6 32. Nxe5+ Ke6 33. Nf3 c5 34. Rb5 c4 (34... Ng4+ $142 35. Kf4 Nf2 36. Ng5+ Kd7) 35. Nd4+ $18 Kf7 36. bxc4 Rxc4 {[#]} 37. e5 $1 Ng4+ 38. Ke4 Rc7 39. Rb2 Re7 (39... Rc5 {was called for.} 40. Nf3 Rc4+ 41. Kd3 Ra4) 40. e6+ Kg6 41. Kd5 Re8 42. Rb7 Nxh2 (42... Rd8+ $142 43. Rd7 Nf6+ 44. Kd6 Rc8) 43. e7 Kf6 (43... Kf7 $142 44. Kd6 (44. Rxa7 Rxe7 45. Rxe7+ Kxe7 $16) 44... Ng4 45. Rxa7 Nf6) 44. Nc6 h5 45. Kd6 Kf7 46. Rb5 g6 47. Rb4 Ng4 48. Rf4+ Kg7 49. Kd7 (49. Rxg4 $142 hxg4 50. Kd7 Rh8 51. e8=Q Rxe8 52. Kxe8 Kf6 53. Nxa7 Ke5 54. a4) 49... Rg8 {[#]} 50. Rxg4 $1 {[%mdl 576] Promotion. White mates.} hxg4 {KR-KN} 51. Ne5 g5 52. e8=Q Rxe8 53. Kxe8 Kf6 54. Nxg4+ {KN-KPP} Kf5 55. Nf2 a5 56. Kd7 Ke5 57. Kc6 Kd4 58. Kb5 {Accuracy: White = 83%, Black = 31%.} 1-0

[Event "DEN-chT XtraCon 2018-19"]
[Site "Denmark"]
[Date "2019.01.13"]
[Round "6"]
[White "Hansen, Sune Berg"]
[Black "Aagaard, Jacob"]
[Result "*"]
[WhiteElo "2590"]
[BlackElo "2470"]
[Annotator "TA"]
[PlyCount "57"]
[EventDate "2018.10.27"]
[EventType "team-tourn"]
[EventCountry "DEN"]
[SourceTitle "playchess.com"]
[Source "ChessBase"]
[SourceQuality "1"]

{[%evp 14,57,47,23,50,45,39,40,46,29,22,22,33,0,1,10,0,-5,2,-92,-85,-83,-90,-81,-89,-86,-79,-81,-86,-97,-97,-95,-86,-91,-89,-84,-19,-31,0,-100,-21,-78,-89,-77,-83,-112]} 1. e4 e5 2. Nf3 Nc6 3. Bb5 {[%cal Bf1b5,Bb5a4,Ba4b3][%mdl 32]} a6 4. Ba4 Nge7 5. c3 d6 6. d4 Bd7 7. Bb3 h6 8. Be3 {LiveBook: 7 Games} g6 {C75: Ruy Lopez: Deferred Steinitz: 5 c3 Bd7 6 d4 without ...g6} 9. a4 $146 ({Predecessor:} 9. O-O Bg7 10. dxe5 dxe5 11. a4 O-O 12. a5 Qc8 13. Nbd2 Kh7 14. Re1 Nd8 15. Ba4 Nec6 16. Nb3 {1-0 (57) Mainka,R (2480)-Arbakov,V (2575) Bad Woerishofen 1994}) 9... Bg7 10. dxe5 Nxe5 {White is slightly better.} 11. O-O Nxf3+ 12. Qxf3 {[%csl Gb3][%cal Rf3f7] [#]} O-O 13. Bd4 Nc6 14. Bxg7 Kxg7 15. Nd2 Qg5 $36 {[%mdl 2048] Black is pushing.} 16. Qd1 (16. Qd3 $11) 16... Bh3 $1 $17 {[%csl Gh3][%cal Rg5g2] [#]} 17. Qf3 Bxg2 ({Of course not} 17... Qxd2 18. Qxh3 Rab8 19. Rab1 $11) 18. Qxg2 {Black must now prevent Nf3.} Qxd2 19. f4 Qxg2+ 20. Kxg2 f5 21. Rae1 Rae8 22. exf5 Rxe1 ({Much weaker is} 22... gxf5 23. Kf3 $15) 23. Rxe1 Rxf5 {[%mdl 4096] Endgame KRB-KRN} 24. Re8 Rf8 (24... Rxf4 $17 {And now ...Na5 would win.} 25. Rc8 Re4 26. Rxc7+ Re7 27. Rxe7+ Nxe7) 25. Re4 $1 $11 Rf5 (25... g5 $15) 26. Re8 $17 Na5 ({Black should play} 26... Rxf4 $17 {Threatens to win with ...Na5.} 27. Rc8 Re4 28. Rxc7+ Re7 29. Rxe7+ Nxe7) 27. Ba2 (27. Rg8+ $11 {keeps the balance.} Kh7 28. Be6) 27... Rxf4 28. Re7+ Kf6 29. Rxc7 {Accuracy: White = 48%, Black = 54%.} *

[Event "DEN-chT XtraCon 2018-19"]
[Site "Denmark"]
[Date "2019.01.13"]
[Round "6"]
[White "Hansen, Sune Berg"]
[Black "Glud, Jakob Vang"]
[Result "1/2-1/2"]
[WhiteElo "2590"]
[BlackElo "2546"]
[Annotator "TA"]
[PlyCount "108"]
[EventDate "2018.10.27"]
[EventType "team-tourn"]
[EventCountry "DEN"]
[SourceTitle "playchess.com"]
[Source "ChessBase"]
[SourceQuality "1"]

{[%evp 14,108,49,26,51,50,43,22,55,21,19,27,37,0,0,0,0,5,18,-87,-83,-83,-90,-91,-94,-92,-92,-100,-94,-85,-86,-95,-95,-92,-85,-70,-83,-35,0,-72,-18,-87,-79,-80,-79,-99,-99,-107,-103,-124,-36,-36,-36,-41,-22,-30,-35,-37,-35,-35,-5,-8,-9,-79,-75,-85,-85,-104,-51,-238,-296,-299,-285,-306,-300,-269,-262,-247,-246,-239,-223,-552,-552,-506,0,0,0,0,0,0,0,0,0,0,0,0,0]} 1. e4 e5 2. Nf3 Nc6 3. Bb5 a6 4. Ba4 Nge7 5. c3 d6 6. d4 Bd7 7. Bb3 h6 8. Be3 {LiveBook: 7 Games} g6 {C75: Ruy Lopez: Deferred Steinitz: 5 c3 Bd7 6 d4 without ...g6} 9. a4 $146 ({Predecessor:} 9. O-O Bg7 10. dxe5 dxe5 11. a4 O-O 12. a5 Qc8 13. Nbd2 Kh7 14. Re1 Nd8 15. Ba4 Nec6 16. Nb3 {1-0 (57) Mainka,R (2480)-Arbakov,V (2575) Bad Woerishofen 1994}) 9... Bg7 10. dxe5 Nxe5 11. O-O Nxf3+ 12. Qxf3 {[%csl Gb3][%cal Rf3f7]} O-O 13. Bd4 Nc6 14. Bxg7 Kxg7 15. Nd2 Qg5 16. Qd1 (16. Qd3 $11 {keeps the balance.}) 16... Bh3 $1 $36 {[%csl Gh3][%cal Rg5g2][%mdl 2048] Black is on the roll.} 17. Qf3 Bxg2 18. Qxg2 Qxd2 19. f4 Qxg2+ 20. Kxg2 f5 21. Rae1 Rae8 22. exf5 Rxe1 23. Rxe1 Rxf5 {[%mdl 4096] Endgame KRB-KRN} 24. Re8 Rf8 25. Re4 Rf5 26. Re8 Na5 (26... Rxf4 $17 {aiming for ...Na5.} 27. Rc8 Re4 28. Rxc7+ Re7 29. Rxe7+ Nxe7) 27. Ba2 (27. Rg8+ $11 Kh7 28. Be6 Rxf4 29. b4) 27... Rxf4 28. Re7+ Kf6 29. Rxc7 Rxa4 30. Bg8 b5 31. Rd7 Nc4 (31... Ke5 $1 $17 32. Re7+ Kf5 33. Rf7+ Kg5) 32. Bxc4 $1 $15 bxc4 33. Rxd6+ {KR-KR} Kf5 34. Kg3 Ra2 35. Rb6 a5 {[%cal Ba6a5,Ba5a4,Ba4a3][%mdl 32]} 36. Kf3 $1 a4 {...a3 is the strong threat.} 37. Rb5+ Kf6 {White must now prevent ...a3.} 38. h4 (38. Rb6+ $11 Kg5 39. Rb4) 38... a3 $1 $17 39. Rb6+ Kf7 40. Rb7+ Kf8 (40... Ke8 $1 $17 41. bxa3 Rxa3 42. Rb8+ Kd7) 41. Rb8+ $2 {[#]} ({White should play} 41. bxa3 $1 $15 Rxa3 42. Kf4) 41... Ke7 $1 $19 42. Rb7+ Ke8 43. Rb8+ Kd7 44. bxa3 Rxa3 45. Rb7+ Kc6 46. Rg7 Rxc3+ 47. Kf4 $2 (47. Ke2 {is a better chance.} Rc2+ 48. Ke3) 47... Rd3 48. Rxg6+ {[#]} Rd6 $2 ({Black should try} 48... Kb5 $1 $19 49. Rxh6 Rd5) 49. h5 $11 {Strongly threatening Ke5.The position is equal.} Kd5 {Threatens to win with ...Rxg6.} 50. Rxd6+ $1 Kxd6 51. Ke3 $1 Ke5 52. Kd2 Kf5 {( -> ...Kg4)} (52... Kd4 $5) 53. Kc3 Kg4 54. Kxc4 Kxh5 {Accuracy: White = 54%, Black = 61%.} 1/2-1/2

[Event "DEN-chT XtraCon 2018-19"]
[Site "Denmark"]
[Date "2019.01.13"]
[Round "6"]
[White "Rasmussen, Allan Stig"]
[Black "Matthiesen, Martin"]
[Result "1-0"]
[WhiteElo "2543"]
[BlackElo "2241"]
[Annotator "TA"]
[PlyCount "43"]
[EventDate "2018.10.27"]
[EventType "team-tourn"]
[EventCountry "DEN"]
[SourceTitle "playchess.com"]
[Source "ChessBase"]
[SourceQuality "1"]

{[%evp 16,43,0,8,98,103,198,37,35,40,45,39,234,238,259,250,272,254,281,275,765,419,813,791,1204,1174,2210,2181,1901,1962]} 1. d4 d5 2. c4 c6 3. Nf3 Nf6 4. Qc2 dxc4 5. Qxc4 Bg4 6. Nc3 {D23: Queen's Gambit Accepted: 3 Nf3 Nf6 sidelines} Nbd7 7. e4 Bxf3 8. gxf3 e5 9. Be3 {LiveBook: 99 Games} Nh5 $146 {[#]} (9... exd4 $11 10. Bxd4 Bd6) ({Predecessor:} 9... exd4 10. Bxd4 Bd6 11. O-O-O Qe7 12. Qb3 Nc5 13. Qc2 Bf4+ {0-1 (39) Reinderman,D (2604)-Van Wely,L (2657) Amsterdam 2014}) 10. O-O-O $1 $16 {Black must now prevent dxe5.} Qf6 (10... Nb6 $16 {was necessary.} 11. Qb3 (11. dxe5 Qxd1+ 12. Kxd1 Nxc4 $11) 11... exd4) 11. dxe5 $2 ({White should try} 11. Bh3 $18 Nb6 12. dxe5 Nxc4 13. Bd7+ (13. exf6 Nxf6 14. Bd4 Be7 $16) 13... Kd8 14. exf6) 11... Nxe5 $14 12. Qb3 Bd6 13. Kb1 {Threatens to win with h4.} Qe7 $2 (13... Rd8 $14) 14. f4 $18 Ng6 15. e5 {[%cal Be4e5,Be5e6][%mdl 32]} Bb4 16. Rd4 Bc5 17. Re4 Nh4 $2 (17... Bb6 18. Qd1 Ngxf4 19. Bxf4 Nxf4) 18. Be2 {Strongly threatening e6.} g6 (18... Bxe3 $142 19. fxe3 g6) 19. e6 {White is clearly winning.} f5 {[#]} 20. Nd5 $1 {[%mdl 512]} Qd6 (20... cxd5 21. Qb5+) 21. Bxc5 {[%mdl 64] Overworked Piece} Qxc5 22. Nc7+ {[%mdl 64] Double Attack. Accuracy: White = 58%, Black = 14%.} 1-0

[Event "DEN-chT XtraCon 2018-19"]
[Site "Denmark"]
[Date "2019.01.13"]
[Round "6"]
[White "Brunello, Sabino"]
[Black "Borovnica, Tihomir"]
[Result "*"]
[WhiteElo "2530"]
[BlackElo "2247"]
[Annotator "ChessBase"]
[PlyCount "21"]
[EventDate "2018.10.27"]
[EventType "team-tourn"]
[EventCountry "DEN"]
[SourceTitle "playchess.com"]
[Source "ChessBase"]
[SourceQuality "1"]
[TimeControl "40/5400+30:1800+30"]

1. c4 {[%emt 0:00:00]} g6 {[%emt 0:00:00]} 2. d4 {[%emt 0:00:51]} Nf6 {[%emt 0:01:46]} 3. Nc3 {[%emt 0:00:30]} Bg7 {[%emt 0:00:30]} 4. e4 {[%emt 0:00:45]} d6 {[%emt 0:00:00]} 5. f3 {[%emt 0:00:48]} O-O {[%emt 0:00:00]} 6. Be3 {[%emt 0:01:43]} c5 {[%emt 0:01:31]} 7. Nge2 {[%emt 0:00:30]} Qa5 {[%emt 0:00:30]} 8. Nc1 {[%emt 0:07:07]} Nc6 {[%emt 0:18:16]} 9. Nb3 {[%emt 0:00:30]} Qc7 {[%emt 0:00:30]} 10. Rc1 {[%emt 0:04:23]} Rb8 {[%emt 0:23:11]} 11. Nd2 {[%emt 0:41:41]} *

[Event "DEN-chT XtraCon 2018-19"]
[Site "Denmark"]
[Date "2019.01.13"]
[Round "6"]
[White "Smith, Axel"]
[Black "Skaanning-Pedersen, Kim Henrik"]
[Result "1-0"]
[WhiteElo "2489"]
[BlackElo "2213"]
[Annotator "TA"]
[PlyCount "49"]
[EventDate "2018.10.27"]
[EventType "team-tourn"]
[EventCountry "DEN"]
[SourceTitle "playchess.com"]
[Source "ChessBase"]
[SourceQuality "1"]

{[%evp 12,49,54,42,60,10,24,21,27,27,31,28,68,64,75,73,78,77,83,55,50,58,56,34,16,0,148,145,152,145,292,293,438,383,491,487,527,521,707,710]} 1. e4 d5 2. exd5 Qxd5 3. Nc3 Qd6 4. d4 Nf6 5. Nf3 g6 (5... c6 6. h3 Nbd7 7. Bd3 g6 8. O-O Bg7 9. Re1 O-O 10. Qe2 e6 11. Bg5 b6 12. Rad1 Bb7 13. Ne5 c5 14. dxc5 Qxe5 15. Qxe5 Nxe5 16. Rxe5 {1-0 (90) Guseinov,G (2645)-Carlsen,M (2832) chess.com INT 2017}) 6. Bg5 {B01: Scandinavian Defence} Bg7 7. Qd2 {LiveBook: 15 Games} a6 8. Bd3 {White is slightly better.} O-O 9. O-O Nc6 10. Bf4 Qd8 11. Be2 Nb4 12. Rad1 $146 ({Predecessor:} 12. Rfd1 Bf5 13. Rac1 c6 {½-½ (36) Arias Rodriguez,S (2140)-Gonzalez Menendez,I (2260) Oviedo 2004}) 12... Bf5 13. a3 $36 {[%mdl 2048] White is in control.} Nbd5 14. Nxd5 Nxd5 15. Bg5 b5 16. Rfe1 Qd6 17. c4 bxc4 18. Bxc4 Nf6 {[#]} (18... Bg4 $1 $11) 19. Bf4 $1 $16 {[%cal Rf4d6]} Qd8 20. Ne5 Be4 {[#]} (20... Bd7 $16 {might work better.} 21. Rc1 e6) 21. d5 $1 $18 {[%cal Bd4d5,Bd5d6][%mdl 32]} Re8 (21... Qc8 $142 22. f3 Bf5) 22. f3 Bf5 23. d6 {White is clearly winning.} e6 24. d7 Re7 25. g4 {[%mdl 64] Trapped Piece. Accuracy: White = 77%, Black = 35%.} 1-0

[Event "DEN-chT XtraCon 2018-19"]
[Site "Denmark"]
[Date "2019.01.13"]
[Round "6"]
[White "Aagaard, Jacob"]
[Black "Haubro, Martin"]
[Result "1-0"]
[WhiteElo "2470"]
[BlackElo "2321"]
[Annotator "TA"]
[PlyCount "96"]
[EventDate "2018.10.27"]
[EventType "team-tourn"]
[EventCountry "DEN"]
[SourceTitle "playchess.com"]
[Source "ChessBase"]
[SourceQuality "1"]

{[%evp 24,96,12,0,-3,-12,28,27,26,19,58,48,42,53,223,228,286,289,306,329,278,221,289,204,229,219,212,86,86,86,86,83,87,87,132,116,106,99,110,96,148,90,93,93,98,114,150,83,82,83,85,81,95,98,207,199,210,173,235,235,389,372,483,483,494,480,480,479,602,602,541,470,522,270,373]} 1. e4 e5 2. Nf3 Nc6 3. Bb5 {[%cal Bf1b5,Bb5a4,Ba4b3,Bb3a2,Ba2c4][%mdl 32]} a6 4. Ba4 Nf6 5. O-O Be7 6. Re1 b5 7. Bb3 d6 8. c3 O-O 9. h3 Bb7 10. d4 Nd7 {C92: Closed Ruy Lopez: 9...Be6, Karpov and Flohr-Zaitsev Variations} 11. a4 Na5 12. Ba2 c5 13. Na3 {LiveBook: 3 Games} exd4 14. cxd4 b4 15. Nc4 Nxc4 16. Bxc4 {[#]} Bf6 $146 ({Predecessor:} 16... Nb6 17. Bf1 {0-1 (43) Roganovic,M (2508)-Efimenko,Z (2663) Hungary 2016}) 17. Bf4 Nb6 18. Ba2 Re8 $2 {[#]} (18... a5 $1 $14) 19. a5 $1 $18 {[%cal Ra5b6]} Nd7 20. Bxd6 Rxe4 {[#]} 21. Qb3 $1 (21. dxc5 Rxe1+ 22. Nxe1 Bxb2 $16) 21... cxd4 22. Qxf7+ Kh8 23. Be6 (23. Bxb4 d3 $11) 23... Rxe1+ 24. Rxe1 Bc6 25. Be7 ({Much less strong is} 25. Bxb4 $6 Bxf3 26. Qxd7 (26. gxf3 Ne5 $17) (26. Bxd7 Bh5 $16) 26... Qxd7 $16) (25. Bd5 $18 Bxd5 26. Qxd5) 25... Qxe7 $16 26. Qxe7 Bxe7 27. Bxd7 Bxf3 28. Rxe7 {[%mdl 4096] Endgame KRB-KRB} Bd1 29. Kf1 g6 30. Ke1 Bb3 31. Be6 Bxe6 32. Rxe6 {KR-KR} Rc8 33. Kd2 b3 34. Kd3 Rc2 35. Re2 (35. Kxd4 $142 Rxb2 36. Kc3 (36. Rxa6 Rc2 $16) 36... Rxf2 37. Rxa6) 35... Rc5 36. Kxd4 Rxa5 37. Kc4 Kg7 38. Re7+ Kf6 (38... Kh6 $16 {was called for.}) 39. Rxh7 $18 Re5 40. Kxb3 Re2 (40... Rg5 $142 41. g3 Rb5+ 42. Kc3 a5) 41. Ra7 Rxf2 $2 (41... Re6 {keeps fighting.} 42. Kc4 Rb6) 42. Rxa6+ Kf7 43. g4 Rf3+ 44. Ka4 Rxh3 45. Rc6 Rg3 46. Rc4 Ke6 47. b4 Kd6 48. Kb5 Kd5 {Precision: White = 55%, Black = 51%.} 1-0

[Event "DEN-chT XtraCon 2018-19"]
[Site "Denmark"]
[Date "2019.01.13"]
[Round "6"]
[White "Bjerre, Jonas Buhl"]
[Black "Sylvan, Jacob"]
[Result "1-0"]
[WhiteElo "2422"]
[BlackElo "2340"]
[Annotator "TA"]
[PlyCount "87"]
[EventDate "2018.10.27"]
[EventType "team-tourn"]
[EventCountry "DEN"]
[SourceTitle "playchess.com"]
[Source "ChessBase"]
[SourceQuality "1"]

{[%evp 27,86,47,50,50,52,50,50,45,85,35,24,31,34,15,15,15,35,22,35,35,120,108,100,101,126,69,88,92,169,118,243,239,253,237,229,239,214,179,180,175,151,74,373,382,545,466,809,604,604,578,847,853,823,812,758,651,1264,1094,1648,1577,29999]} 1. e4 e5 2. Nf3 Nc6 3. Bb5 {[%cal Bf1b5,Bb5a4,Ba4b3][%mdl 32]} a6 4. Ba4 Nf6 5. O-O Be7 6. Re1 b5 7. Bb3 d6 8. c3 O-O 9. h3 Na5 10. Bc2 c5 11. d4 Qc7 12. d5 Bd7 13. b3 Nb7 14. c4 Rfe8 15. Nc3 {[%cal Bb1c3,Bc3e2,Be2g3][%mdl 32] C97: Closed Ruy Lopez: Chigorin Defence: 11 d4 Qc7, sidelines} g6 (15... Na5 16. Bd3 Rab8 17. Bd2 Rb7 18. Ne2 Nh5 19. g4 Nf6 20. Ng3 Reb8 21. g5 Ne8 22. h4 Bg4 {1-0 (48) Boccia,M (2422)-Baiocchi,G (2466) ICCF email 2016}) 16. Bd3 {[%cal Rc4b5]} b4 $146 ({Predecessor:} 16... Qb6 17. Be3 b4 18. Ne2 Nh5 19. g4 Ng7 20. Ng3 a5 21. a4 bxa3 22. Rxa3 Reb8 {1-0 (72) Janisch,M (2288)-Wiesinger,J (2117) ICCF email 2014}) 17. Ne2 {White is slightly better.} Bf8 18. g4 h5 19. g5 Nh7 20. Kh2 Qc8 21. h4 Bg7 22. Ng3 Rf8 23. Rg1 f6 (23... a5 $14) 24. Nxh5 $1 $16 fxg5 {Threatens to win with ...Bg4.} 25. Nxg7 {aiming for Nf5!} Kxg7 26. hxg5 ({Inferior is} 26. Bxg5 Bg4 $15) (26. Nxg5 $16 Rxf2+ 27. Kh1) 26... Rh8 $14 27. Kg3 Bg4 {[#]} ({But not} 27... Bh3 $2 28. Nh4 $18 (28. Kh2 $2 Nxg5 29. Rg3 Bg4+ {[%mdl 64] Discovered Attack} 30. Kg2 Bxf3+ 31. Qxf3 Nxf3 $19)) (27... Nd8 $16) 28. Rh1 ({White should play} 28. Qf1 $1 $18) 28... Bh5 {[#]} (28... a5 $16 29. Rh4 Bh5) 29. Rxh5 $1 $18 {[%mdl 512]} gxh5 30. Nh4 Qg4+ 31. Qxg4 hxg4 32. Kxg4 Rag8 33. f4 {Hoping for fxe5.} Nf6+ {[#]} 34. gxf6+ (34. Kh3 $142 $1) 34... Kxf6+ $2 {[%mdl 8192]} (34... Kf8+ $16 {keeps fighting.} 35. Kh3 Rg1) 35. Kh3 Rh5 (35... Rg1 {was worth a try.} 36. Bb2 Rxa1 37. Bxa1 Nd8) 36. fxe5+ Kxe5 (36... dxe5 $142 37. Be3 Rgh8) 37. Be2 Rh7 38. Bg4 Nd8 39. Bb2+ Kf4 40. Rf1+ Ke3 41. Bc1+ Kd4 42. Bf5 Rh5 43. Rf3 {[%cal Rc1b2]} Nf7 44. Bb2# {Accuracy: White = 87%, Black = 28%.} 1-0